[Event "NCL978 Barbican-BCM"]
[Site "Rd6"]
[Date "1998.01.25"]
[Round "6.8"]
[White "Wareing, John"]
[Black "Lauterbach, Ingrid"]
[Result "1/2-1/2"]
[WhiteElo "1936"]
[BlackElo "2160"]
[PlyCount "104"]
[EventDate "1998.01.25"]
[Source "4NCL"]
[SourceDate "1998.01.01"]

1. e4 d6 2. d4 Nf6 3. Nc3 g6 4. f4 Bg7 5. Nf3 O-O 6. Bc4 e6 7. e5 Nfd7 8. O-O
c5 9. dxc5 dxe5 10. Qd6 Nc6 11. Be3 exf4 12. Bxf4 Qa5 13. Ne4 Qb4 14. b3 Nf6
15. Nxf6+ Bxf6 16. Bd2 Qa3 17. Ng5 Bd4+ 18. Kh1 Qxc5 19. Qg3 Bg7 20. Rae1 Nd4
21. Be3 Qe7 22. Ne4 Nf5 23. Rxf5 exf5 24. Bc5 Qd8 25. Bxf8 fxe4 26. Bxg7 Kxg7
27. Qe5+ Qf6 28. Qxe4 Bf5 29. Qxb7 Re8 30. Rf1 Re7 31. Qf3 Qb2 32. Bd3 Be6 33.
a4 Qd4 34. h3 h6 35. Qf4 Qxf4 36. Rxf4 f5 37. a5 g5 38. Rd4 Kf6 39. a6 h5 40.
b4 h4 41. b5 g4 42. hxg4 fxg4 43. Rf4+ Ke5 44. Re4+ Kd5 45. Re2 Kd6 46. Kg1 Rc7
47. Kf2 g3+ 48. Ke3 h3 49. gxh3 Bxh3 50. Be4 Kc5 51. Kf4 Bf1 52. Re3 Bxb5
1/2-1/2

[Event "NCL978 NW Eagles-Northumbria"]
[Site "Rd6"]
[Date "1998.01.25"]
[Round "6.1"]
[White "Quillan, Gary"]
[Black "Lawton, Geoff"]
[Result "1-0"]
[WhiteElo "2320"]
[BlackElo "2395"]
[PlyCount "57"]
[EventDate "1998.01.25"]
[Source "4NCL"]
[SourceDate "1998.01.01"]

1. e4 c5 2. Nf3 Nc6 3. Bb5 g6 4. O-O Bg7 5. c3 Nf6 6. d4 Nxe4 7. d5 Nd6 8. Bd3
Ne5 9. Nxe5 Bxe5 10. Qe2 Bg7 11. Re1 f6 12. Bf4 Kf7 13. Na3 b6 14. Rad1 Bb7 15.
Qf3 Ne8 16. h4 f5 17. h5 Rf8 18. Nc4 d6 19. Ne3 Kg8 20. Qg3 {#Diagram} Nf6 21.
hxg6 Nh5 22. gxh7+ Kh8 23. Qf3 Nxf4 24. Qxf4 e5 25. dxe6 Be5 26. Qh6 Rf6 27.
Qh5 Rxe6 28. Bxf5 Re7 29. Ng4 1-0

[Event "NCL978 NW Eagles-Northumbria"]
[Site "Rd6"]
[Date "1998.01.25"]
[Round "6.2"]
[White "Richardson, John"]
[Black "Littlewood, John"]
[Result "1/2-1/2"]
[WhiteElo "2315"]
[BlackElo "2290"]
[PlyCount "51"]
[EventDate "1998.01.25"]
[Source "4NCL"]
[SourceDate "1998.01.01"]

1. d4 Nf6 2. c4 g6 3. Nc3 Bg7 4. Nf3 O-O 5. g3 d6 6. Bg2 Nbd7 7. O-O e5 8. e4
a6 9. h3 b5 10. dxe5 dxe5 11. Qc2 bxc4 12. Rd1 Qe7 13. Bg5 Nb6 14. Nd5 Nbxd5
15. exd5 Rb8 16. Rac1 h6 17. Bxf6 Qxf6 18. Qxc4 Rxb2 19. Rd2 e4 20. Qxe4 Bf5
21. Qe2 Rxd2 22. Qxd2 Be4 23. Rc6 Qd8 24. Ne1 Bxg2 25. Nxg2 Qd7 26. Ne3 1/2-1/2

[Event "NCL978 NW Eagles-Northumbria"]
[Site "Rd6"]
[Date "1998.01.25"]
[Round "6.3"]
[White "Tebb, David"]
[Black "Pert, Nicholas"]
[Result "1/2-1/2"]
[WhiteElo "2260"]
[BlackElo "2325"]
[PlyCount "75"]
[EventDate "1998.01.25"]
[Source "4NCL"]
[SourceDate "1998.01.01"]

1. e4 e6 2. d4 d5 3. Nc3 Bb4 4. e5 c5 5. Bd2 Ne7 6. dxc5 Nbc6 7. Qg4 Ng6 8. Nf3
Bxc5 9. O-O-O Bd7 10. h4 h5 11. Qg3 Qb8 12. Re1 Nce7 13. Bd3 b5 14. Ng5 b4 15.
Nd1 Qb6 16. Be3 d4 17. Bd2 Rf8 18. Qf3 Bc6 19. Qxh5 Bd5 20. Be4 Qa6 21. Bxd5
Nxd5 22. Kb1 d3 23. Qf3 dxc2+ 24. Kxc2 Qxa2 25. Qb3 Qxb3+ 26. Kxb3 Rc8 27. h5
Ngf4 28. Bxf4 Nxf4 29. Re4 Nd3 30. Rh3 Nc1+ 31. Ka4 Be7 32. f4 Rc6 33. Nf2 Kd7
34. Nd3 Ra6+ 35. Kb5 Rb6+ 36. Ka4 Ra6+ 37. Kb5 Rb6+ 38. Ka4 1/2-1/2

[Event "NCL978 NW Eagles-Northumbria"]
[Site "Rd6"]
[Date "1998.01.25"]
[Round "6.4"]
[White "Ledger, David"]
[Black "Lund, Brett"]
[Result "0-1"]
[WhiteElo "2255"]
[BlackElo "2255"]
[PlyCount "96"]
[EventDate "1998.01.25"]
[Source "4NCL"]
[SourceDate "1998.01.01"]

1. e4 c5 2. Nc3 a6 3. g3 b5 4. Bg2 Bb7 5. d3 e6 6. Nh3 h5 7. f4 d5 8. O-O b4 9.
Ne2 dxe4 10. dxe4 Qxd1 11. Rxd1 Nd7 12. Be3 Ngf6 13. Nf2 e5 14. a3 Ng4 15. Nxg4
hxg4 16. axb4 cxb4 17. Ra5 Rc8 18. fxe5 Rxc2 19. Nd4 Rxb2 20. Rc1 Nc5 21. Raxc5
Bxc5 22. Rxc5 Rb1+ 23. Rc1 Rxc1+ 24. Bxc1 Kd7 25. Bf1 Bxe4 26. Bxa6 Ra8 27.
Bb5+ Kc7 28. Bf4 Kb6 29. Be3 b3 30. Nxb3+ Kxb5 31. e6 fxe6 32. Nd4+ Kc4 33.
Nxe6 Kd3 34. Bb6 Ra1+ 35. Kf2 Ra2+ 36. Kg1 Ba8 37. Kf1 Rxh2 38. Nxg7 Ke4 39.
Ne6 Rh6 40. Ng5+ Kf5 41. Be3 Rf6 42. Bf4 Bd5 43. Kf2 Rg6 44. Nh7 Rg7 45. Nf8
Rf7 46. Bd6 Kf6 47. Ke3 Kg7 48. Kd4 Ba2 0-1

[Event "NCL978 NW Eagles-Northumbria"]
[Site "Rd6"]
[Date "1998.01.25"]
[Round "6.5"]
[White "Merriman, John"]
[Black "Pert, Richard"]
[Result "1/2-1/2"]
[WhiteElo "2255"]
[BlackElo "2235"]
[PlyCount "43"]
[EventDate "1998.01.25"]
[Source "4NCL"]
[SourceDate "1998.01.01"]

1. d4 d5 2. c4 e6 3. Nc3 Nf6 4. Bg5 c6 5. cxd5 exd5 6. e3 Be7 7. Bd3 O-O 8. Rc1
Nbd7 9. Nge2 Re8 10. O-O Nf8 11. Bb1 Bg4 12. f3 Bh5 13. Nf4 Bg6 14. Nxg6 Nxg6
15. Re1 h6 16. Bxg6 hxg5 17. Bc2 Bd6 18. g3 Qb6 19. Bb3 Rad8 20. Kg2 Rd7 21.
Rc2 Bb4 22. Qd3 1/2-1/2

[Event "NCL978 NW Eagles-Northumbria"]
[Site "Rd6"]
[Date "1998.01.25"]
[Round "6.6"]
[White "Ledger, Stephen"]
[Black "Giblin, William"]
[Result "1/2-1/2"]
[WhiteElo "2225"]
[BlackElo "2160"]
[PlyCount "36"]
[EventDate "1998.01.25"]
[Source "4NCL"]
[SourceDate "1998.01.01"]

1. d4 Nf6 2. Nf3 e6 3. Bf4 b6 4. e3 Bb7 5. Be2 Be7 6. h3 O-O 7. O-O c5 8. c3 d6
9. Nbd2 cxd4 10. exd4 Nbd7 11. Re1 Re8 12. a4 a6 13. Bh2 Bf8 14. Qc2 Rc8 15.
Ng5 h6 16. Nge4 Nxe4 17. Nxe4 Nf6 18. Bf3 Nxe4 1/2-1/2

[Event "NCL978 NW Eagles-Northumbria"]
[Site "Rd6"]
[Date "1998.01.25"]
[Round "6.7"]
[White "Clarke, Stuart"]
[Black "Dighton, Simon"]
[Result "1/2-1/2"]
[WhiteElo "2285"]
[BlackElo "2128"]
[PlyCount "64"]
[EventDate "1998.01.25"]
[Source "4NCL"]
[SourceDate "1998.01.01"]

1. e4 e6 2. d4 d5 3. Nd2 Nf6 4. e5 Nfd7 5. Bd3 c5 6. c3 Nc6 7. Ne2 cxd4 8. cxd4
f6 9. exf6 Nxf6 10. Nf3 Bd6 11. O-O Qc7 12. Nc3 a6 13. Bg5 O-O 14. Bh4 Nh5 15.
Rc1 g6 16. Na4 Qg7 17. Nb6 Ra7 18. Re1 Bd7 19. Ne5 Bxe5 20. dxe5 Be8 21. Be2
Nf4 22. Bf6 Rxf6 23. exf6 Qxf6 24. Rc3 d4 25. Rc5 Qd8 26. Qb3 d3 27. Bg4 Bf7
28. Nc4 Qd4 29. Qb6 Nd5 30. Rxd5 Qxd5 31. b3 Qd4 32. Qxd4 Nxd4 1/2-1/2

[Event "NCL978 NW Eagles-Northumbria"]
[Site "Rd6"]
[Date "1998.01.25"]
[Round "6.8"]
[White "Ford, Elise"]
[Black "Richards, Susan"]
[Result "1-0"]
[WhiteElo "1704"]
[BlackElo "1256"]
[PlyCount "66"]
[EventDate "1998.01.25"]
[Source "4NCL"]
[SourceDate "1998.01.01"]

1. e4 e5 2. Nc3 Nf6 3. f4 d6 4. Nf3 Nc6 5. fxe5 dxe5 6. Bc4 Bc5 7. d3 O-O 8.
Na4 Be7 9. O-O a6 10. Nc3 Bc5+ 11. Kh1 Ng4 12. Qe2 Be6 13. h3 Nf6 14. Bg5 Bxc4
15. dxc4 Qd6 16. Rad1 Qe6 17. Bxf6 Qxf6 18. Nd5 Qg6 19. Nxc7 Rac8 20. Nd5 Qh5
21. c3 Nd8 22. b4 Ba7 23. Ne7+ Kh8 24. Nxc8 Bb8 25. Nb6 Ne6 26. Nd5 h6 27. Nd4
Qxe2 28. Nxe2 Ng5 29. Ng3 f6 30. Ne7 Re8 31. h4 Ne6 32. Ng6+ Kg8 33. Rd7 Rc8
1-0

[Event "NCL978 BCM-SW Dragons"]
[Site "Rd7"]
[Date "1998.03.21"]
[Round "7.1"]
[White "Chandler, Murray"]
[Black "Cummings, David"]
[Result "1-0"]
[WhiteElo "2555"]
[BlackElo "2365"]
[PlyCount "79"]
[EventDate "1998.03.21"]

1. e4 c5 2. Nf3 Nc6 3. Bb5 g6 4. O-O Bg7 5. Bxc6 dxc6 6. d3 e5 7. Be3 Qe7 8. h3
Nf6 9. Qd2 Nd7 10. Bh6 O-O 11. Bxg7 Kxg7 12. Qc3 Re8 13. Nbd2 Nf8 14. Nh2 f6
15. f4 exf4 16. Rxf4 Qe5 17. Raf1 Qxc3 18. bxc3 f5 19. R4f2 Be6 20. exf5 gxf5
21. Nhf3 Ng6 22. Ng5 f4 23. Nde4 Bd5 24. c4 Bxe4 25. Nxe4 b6 26. g3 fxg3 27.
Rf7+ Kh6 28. Nf6 Re7 29. Ng4+ Kg5 30. R1f5+ Kh4 31. Nf6 Re1+ 32. Kg2 Re2+ 33.
Kf1 Rf2+ 34. Rxf2 gxf2 35. Rxh7+ Kg5 36. Ne4+ Kf4 37. Kxf2 Ne5 38. Rh4+ Kf5 39.
Rh5+ Kf4 40. Ng3 1-0

[Event "NCL978 BCM-SW Dragons"]
[Site "Rd7"]
[Date "1998.03.21"]
[Round "7.2"]
[White "Cooper, John"]
[Black "Bellin, Robert"]
[Result "1-0"]
[WhiteElo "2335"]
[BlackElo "2365"]
[PlyCount "69"]
[EventDate "1998.03.21"]

1. Nf3 e6 2. c4 f5 3. g3 Nf6 4. Bg2 Be7 5. O-O O-O 6. Nc3 a5 7. d3 Nc6 8. e4
fxe4 9. dxe4 e5 10. Nd5 Bc5 11. Nxf6+ Qxf6 12. Qd5+ Kh8 13. Qxc5 d6 14. Qe3 Bg4
15. Ne1 Nd4 16. f3 Be6 17. Qd3 Qf7 18. b3 a4 19. Rb1 axb3 20. axb3 b5 21. cxb5
Bxb3 22. Rf2 Bc4 23. Qe3 Bxb5 24. Nc2 c5 25. Nxd4 exd4 26. Qd2 Bc4 27. Bf1 d5
28. Bxc4 dxc4 29. Qg5 Ra5 30. Bf4 h6 31. Qd5 c3 32. Be5 c2 33. Rxc2 Qxf3 34.
Re1 Ra3 35. Bf4 1-0

[Event "NCL978 BCM-SW Dragons"]
[Site "Rd7"]
[Date "1998.03.21"]
[Round "7.3"]
[White "Wall, Tim"]
[Black "Dineley, Richard"]
[Result "1-0"]
[WhiteElo "2375"]
[BlackElo "2270"]
[PlyCount "111"]
[EventDate "1998.03.21"]

1. e4 c5 2. Nf3 Nc6 3. Bb5 g6 4. Bxc6 bxc6 5. O-O Bg7 6. Re1 Nh6 7. c3 O-O 8.
d4 cxd4 9. cxd4 d6 10. Nc3 f6 11. h3 Nf7 12. Be3 Bd7 13. Rc1 Qa5 14. Nd2 Qb4
15. b3 f5 16. Nc4 fxe4 17. Nxe4 Rae8 18. Re2 Bf5 19. Ng3 Bd7 20. Bd2 Qb5 21.
Bc3 d5 22. Ne5 Nxe5 23. dxe5 e6 24. Bd4 Ra8 25. Qd2 a5 26. h4 Qb4 27. Qe3 Rfc8
28. h5 Bf8 29. hxg6 hxg6 30. Rec2 Qe7 31. Bc5 Qh4 32. Rd1 Qh6 33. Qxh6 Bxh6 34.
Ne2 Bg7 35. Bd6 Kf7 36. Rdc1 Ra6 37. Nd4 Bh6 38. Rd1 Bg7 39. Nf3 Bh6 40. Bc5
Raa8 41. Rd4 Rab8 42. Ra4 Ra8 43. g3 Ra6 44. Kg2 Be8 45. Rh4 Kg7 46. Be7 g5 47.
Bf8+ Kxf8 48. Rxh6 Kg7 49. Rxe6 Bg6 50. Rc3 Be4 51. Kf1 Bxf3 52. Rxf3 Rf8 53.
Rc3 a4 54. b4 a3 55. b5 Rb6 56. bxc6 1-0

[Event "NCL978 BCM-SW Dragons"]
[Site "Rd7"]
[Date "1998.03.21"]
[Round "7.4"]
[White "Zeidler, Sven"]
[Black "Friedgood, David"]
[Result "1-0"]
[WhiteElo "2255"]
[BlackElo "2240"]
[PlyCount "103"]
[EventDate "1998.03.21"]

1. e4 c5 2. Nc3 Nc6 3. Bb5 g6 4. Bxc6 bxc6 5. f4 Bg7 6. Nf3 d6 7. d3 Nh6 8. O-O
O-O 9. Qe1 Qb6 10. Kh1 f6 11. b3 f5 12. e5 Nf7 13. Bb2 Nd8 14. Qh4 Qc7 15. exd6
exd6 16. Rae1 Bf6 17. Nd5 Bxh4 18. Nxc7 Bxe1 19. Rxe1 Rb8 20. Ne8 Ne6 21. Nxd6
Bd7 22. Ng5 Nxg5 23. fxg5 Rfd8 24. Bf6 Re8 25. Nxe8 Rxe8 26. Rxe8+ Bxe8 27. Be7
c4 28. dxc4 Kf7 29. Bc5 a6 30. g3 Ke6 31. Bd4 f4 32. gxf4 Kf5 33. Be5 Ke4 34.
Kg2 Ke3 35. c3 Kd3 36. Kf3 Bf7 37. f5 gxf5 38. Kf4 Bg6 39. a4 Kc2 40. b4 Be8
41. Kxf5 Kb3 42. b5 cxb5 43. cxb5 a5 44. Kf6 Kxa4 45. b6 Bc6 46. Kg7 Be4 47. b7
Bxb7 48. Kxh7 Kb3 49. g6 Be4 50. Kg7 Kc4 51. Kf6 a4 52. Bd6 1-0

[Event "NCL978 BCM-SW Dragons"]
[Site "Rd7"]
[Date "1998.03.21"]
[Round "7.5"]
[White "Cafferty, Bernard"]
[Black "James, David J"]
[Result "1/2-1/2"]
[WhiteElo "2200"]
[BlackElo "2255"]
[PlyCount "40"]
[EventDate "1998.03.21"]

1. Nf3 Nf6 2. g3 b6 3. Bg2 Bb7 4. O-O e6 5. c4 Be7 6. Nc3 O-O 7. Re1 c5 8. e4
d6 9. d4 cxd4 10. Nxd4 Qc7 11. b3 a6 12. Bb2 Nbd7 13. Rc1 Rac8 14. Qe2 Rfd8 15.
Red1 Qb8 16. Rd2 Bf8 17. Rcd1 Re8 18. Re1 Nc5 19. Qd1 Qa8 20. Rde2 Red8 1/2-1/2

[Event "NCL978 BCM-SW Dragons"]
[Site "Rd7"]
[Date "1998.03.21"]
[Round "7.6"]
[White "Spice, Alan"]
[Black "Bellin, Jana"]
[Result "1/2-1/2"]
[WhiteElo "2190"]
[BlackElo "2175"]
[PlyCount "134"]
[EventDate "1998.03.21"]

1. Nc3 c5 2. Nf3 Nc6 3. d4 cxd4 4. Nxd4 Nf6 5. e4 a6 6. Nxc6 bxc6 7. e5 Ng8 8.
Bc4 e6 9. O-O Ne7 10. Bg5 Qa5 11. Bxe7 Bxe7 12. Re1 Rb8 13. Bb3 O-O 14. Qd2 f6
15. Rad1 Qb6 16. exf6 Bxf6 17. Na4 Qa7 18. c4 c5 19. Qd6 Bd4 20. Rxd4 cxd4 21.
Rd1 Rf7 22. Rxd4 Bb7 23. c5 Rbf8 24. f3 Qb8 25. Nb6 Qxd6 26. Rxd6 Bc6 27. Bxe6
dxe6 28. Rxc6 e5 29. Re6 Rd8 30. Rxe5 Rd1+ 31. Kf2 Rc7 32. b4 Ra1 33. Re2 a5
34. Nd5 Rd7 35. Rd2 Rxd5 36. Rxd5 Rxa2+ 37. Ke3 axb4 38. Rd4 Rc2 39. Rxb4 Rxc5
40. Rb2 Rc4 41. g4 Kf7 42. Rb7+ Kf6 43. h4 h6 44. Rb6+ Kf7 45. Rd6 Ra4 46. Rd4
Ra5 47. Ke4 Kf6 48. Rd6+ Kf7 49. Rd5 Ra4+ 50. Kf5 Ra7 51. h5 Rb7 52. Ra5 Rc7
53. f4 Rb7 54. Ke5 Re7+ 55. Kd4 Rd7+ 56. Rd5 Ra7 57. g5 hxg5 58. fxg5 Ke6 59.
Re5+ Kf7 60. Ke4 Ra4+ 61. Kf5 g6+ 62. hxg6+ Kf8 63. Rb5 Ra7 64. Kg4 Ra1 65. Rb7
Rg1+ 66. Kf5 Rf1+ 67. Ke5 Re1+ 1/2-1/2

[Event "NCL978 BCM-SW Dragons"]
[Site "Rd7"]
[Date "1998.03.21"]
[Round "7.7"]
[White "Anderton, David"]
[Black "Saunders, John"]
[Result "1-0"]
[WhiteElo "2200"]
[BlackElo "2225"]
[PlyCount "81"]
[EventDate "1998.03.21"]

1. d4 g6 2. e4 Bg7 3. Nc3 c6 4. g3 d6 5. Bg2 Nf6 6. Nge2 O-O 7. O-O e5 8. h3
Nbd7 9. Be3 Re8 10. a4 a5 11. g4 exd4 12. Bxd4 h6 13. f4 Qc7 14. Qd2 b6 15.
Rad1 Ba6 16. Rfe1 Rad8 17. Ng3 Nc5 18. Qf2 Re7 19. e5 Ne8 20. exd6 Rxd6 21.
Bxg7 Rxe1+ 22. Rxe1 Nxg7 23. f5 Qd8 24. Nge4 Nxe4 25. Nxe4 Rd4 26. fxg6 fxg6
27. Qf4 g5 28. Qe5 Rd1 29. Rxd1 Qxd1+ 30. Kh2 Qxc2 31. Qf6 Bd3 32. Nf2 Bg6 {
(Draw offer)} 33. Bxc6 Kh7 34. Bd5 Qc7+ 35. Kg2 Qc5 36. Qd8 Ne8 37. Qd7+ Ng7
38. b3 Be8 39. Be4+ Bg6 40. Qd3 Bxe4+ 41. Nxe4 1-0

[Event "NCL978 BCM-SW Dragons"]
[Site "Rd7"]
[Date "1998.03.21"]
[Round "7.8"]
[White "Richmond, Jane"]
[Black "Edwards, Ray"]
[Result "1/2-1/2"]
[WhiteElo "2175"]
[BlackElo "2080"]
[PlyCount "98"]
[EventDate "1998.03.21"]

1. e4 c6 2. d4 d5 3. Nd2 dxe4 4. Nxe4 Nd7 5. Nf3 Ngf6 6. Ng3 e6 7. Bd3 Be7 8.
O-O c5 9. Qe2 O-O 10. Rd1 Qc7 11. c4 Re8 12. Bc2 b6 13. Ba4 Bb7 14. Bg5 Rad8
15. Ne5 cxd4 16. Nxd7 Nxd7 17. Bxe7 Rxe7 18. Nf5 Nc5 19. Nxe7+ Qxe7 20. Bc2 a5
21. f3 e5 22. Bd3 g6 23. Re1 Re8 24. Rad1 f5 25. Bc2 Qd6 26. b3 e4 27. fxe4
fxe4 28. Qe3 Rd8 29. Qg5 d3 30. Qe3 Qf6 31. Bb1 Bc8 32. Rd2 Bf5 33. Rf2 Qc3 34.
Rc1 Qd4 35. Qxd4 Rxd4 36. Rf4 Ne6 37. Rff1 e3 38. Bxd3 Bxd3 39. Rfe1 e2 40. Kf2
Nc5 41. Ke3 Rd6 42. Rc3 Kg7 43. a3 Re6+ 44. Kd2 Ne4+ 45. Kxd3 Nxc3 46. Kxc3
Re3+ 47. Kd4 Rxb3 48. Rxe2 Rxa3 49. Rb2 a4 1/2-1/2

[Event "NCL978 Bristol-Midland Ms"]
[Site "Rd7"]
[Date "1998.03.21"]
[Round "7.1"]
[White "Ansell, Simon"]
[Black "Parker, Jonathan"]
[Result "1/2-1/2"]
[WhiteElo "2380"]
[BlackElo "2515"]
[PlyCount "54"]
[EventDate "1998.03.21"]

1. e4 e5 2. Nf3 Nc6 3. Bb5 a6 4. Ba4 Nf6 5. Qe2 b5 6. Bb3 Bc5 7. c3 O-O 8. d3
Bb7 9. Bg5 Be7 10. Nbd2 h6 11. Bh4 d6 12. Nf1 Nh5 13. Bg3 g6 14. Ne3 Bf6 15.
Bd5 Rb8 16. O-O Bg7 17. Rad1 Qe8 18. Qd2 Ne7 19. Bxb7 Rxb7 20. Bh4 f5 21. Bxe7
Qxe7 22. Qc2 c6 23. Rfe1 Nf4 24. Nf1 Qf6 25. Re3 Rbf7 26. d4 exd4 27. cxd4 fxe4
1/2-1/2

[Event "NCL978 Bristol-Midland Ms"]
[Site "Rd7"]
[Date "1998.03.21"]
[Round "7.2"]
[White "Turner, Matthew"]
[Black "Baker, Chris W"]
[Result "1-0"]
[WhiteElo "2470"]
[BlackElo "2340"]
[PlyCount "85"]
[EventDate "1998.03.21"]

1. c4 b6 2. Nc3 Bb7 3. e3 e6 4. Nf3 Nf6 5. Be2 Be7 6. O-O O-O 7. b3 d5 8. Bb2
Nbd7 9. d4 c5 10. Qc2 cxd4 11. Nxd4 Rc8 12. Rac1 dxc4 13. Bxc4 Ne5 14. Be2 Bb4
15. Qb1 Qe7 16. Rfd1 Neg4 17. Bf3 Bxf3 18. Nxf3 Qb7 19. a3 Bxc3 20. Bxc3 Ne4
21. Be1 Rfd8 {(Draw offer)} 22. Rxd8+ Rxd8 23. Nd4 Nc5 24. b4 e5 25. bxc5 exd4
26. h3 Nf6 27. exd4 Rxd4 28. Bc3 Rc4 29. Bxf6 Rxc1+ 30. Qxc1 gxf6 31. c6 Qc8
32. c7 Kf8 33. Qc6 Ke7 34. a4 Kf8 35. g4 Ke7 36. Kg2 Kf8 37. Kg3 Ke7 38. f4 Kf8
39. Kh4 Ke7 40. Kh5 h6 41. f5 Qg8 42. c8=N+ Kd8 43. h4 1-0

[Event "NCL978 Bristol-Midland Ms"]
[Site "Rd7"]
[Date "1998.03.21"]
[Round "7.3"]
[White "Burgess, Graham"]
[Black "Ferguson, Mark"]
[Result "0-1"]
[WhiteElo "2300"]
[BlackElo "2410"]
[PlyCount "94"]
[EventDate "1998.03.21"]

1. d4 d5 2. c4 c6 3. Nf3 Nf6 4. Nc3 dxc4 5. e3 b5 6. a4 b4 7. Nb1 Ba6 8. Be2 e6
9. O-O c5 10. Ne5 cxd4 11. Bf3 Nd5 12. Qxd4 Nd7 13. Nxf7 Kxf7 14. Bxd5 exd5 15.
Qxd5+ Ke7 16. Rd1 Qc8 17. e4 Bb7 18. Bg5+ Nf6 19. Qb5 a6 20. Qxb4+ Kf7 21. Qe1
Nxe4 22. Bh4 g5 23. f3 Bc5+ 24. Kh1 gxh4 25. fxe4 Qg4 26. Nd2 Rhg8 27. Qf1+ Ke7
28. h3 Qg3 29. Nf3 Rad8 30. Rxd8 Kxd8 31. Rd1+ Kc8 32. Rd2 Bxe4 33. Qxc4 Bxf3
34. Qxc5+ Kb8 35. Qb6+ Bb7 36. Rd8+ Rxd8 37. Qxd8+ Bc8 38. Qb6+ Ka8 39. b4 Qe1+
40. Kh2 Qe5+ 41. Kh1 Qa1+ 42. Kh2 Qxa4 43. Qd4 Qd7 44. Qxh4 Qd6+ 45. Kg1 h6 46.
Qc4 Bd7 47. Kf2 Kb7 0-1

[Event "NCL978 Bristol-Midland Ms"]
[Site "Rd7"]
[Date "1998.03.21"]
[Round "7.4"]
[White "Webster, Andrew"]
[Black "Copeland, Graham"]
[Result "0-1"]
[WhiteElo "2420"]
[BlackElo "2330"]
[PlyCount "88"]
[EventDate "1998.03.21"]

1. c4 e5 2. g3 Nc6 3. Bg2 g6 4. Nc3 Bg7 5. d3 d6 6. e4 f5 7. Nge2 Nf6 8. O-O
O-O 9. h3 Ne7 10. b3 c6 11. Ba3 Be6 12. Qd2 Nh5 13. exf5 gxf5 14. f4 exf4 15.
gxf4 Ng6 16. d4 Bf7 17. Rad1 Qf6 18. Rf2 Rfe8 19. d5 c5 20. b4 b6 21. Rb1 Nh4
22. bxc5 bxc5 23. Kh2 Re7 24. Nb5 Qh6 25. Bc1 Rae8 26. Nbc3 Nf6 27. Kg1 Ne4 28.
Nxe4 fxe4 29. Qe3 Nf5 30. Qa3 Bh5 31. Be3 Bxe2 32. Rxe2 Nxe3 33. Rxe3 Bd4 34.
Rf1 Rf8 35. Kh2 Bxe3 36. Qxe3 Rfe8 37. Re1 Qf6 38. Qg3+ Kh8 39. Re3 Qd4 40. f5
Qf6 41. Qf4 Qe5 42. Qg3 Rg8 43. Qxe5+ Rxe5 44. Rxe4 Rxg2+ 0-1

[Event "NCL978 Bristol-Midland Ms"]
[Site "Rd7"]
[Date "1998.03.21"]
[Round "7.5"]
[White "Beaumont, Chris"]
[Black "Cooper, Lawrence"]
[Result "1-0"]
[WhiteElo "2335"]
[BlackElo "2340"]
[PlyCount "99"]
[EventDate "1998.03.21"]

1. Nf3 Nf6 2. c4 e6 3. g3 d5 4. Bg2 Be7 5. O-O O-O 6. d4 dxc4 7. Qc2 c5 8. dxc5
Nc6 9. Qxc4 e5 10. Nc3 Qa5 11. Bg5 Qxc5 12. Qxc5 Bxc5 13. Bxf6 gxf6 14. Nd5 f5
15. Rac1 Bd4 16. Nxd4 Nxd4 17. Rfe1 Be6 18. Ne7+ Kg7 19. e3 Nc6 20. Bxc6 bxc6
21. Nxc6 Kf6 22. a3 Rfc8 23. Rc5 Rc7 24. Rec1 Rac8 25. b4 f4 26. exf4 exf4 27.
gxf4 Rg8+ 28. Kf1 Rd7 29. Ke2 Bg4+ 30. Ke3 Bf5 31. Ne5 Re8 32. Rc7 Rde7 33.
Rxe7 Rxe7 34. Rc6+ Kg7 35. Kd2 h5 36. Nc4 h4 37. Ne3 Be4 38. Rc5 Rd7+ 39. Ke2
Bg6 40. f5 Bh5+ 41. f3 Rd4 42. f6+ Kg6 43. Nd5 Kh6 44. Ke3 Rd1 45. Nf4 Bg6 46.
Ra5 Rd7 47. Ng2 Rd3+ 48. Ke2 h3 49. Nf4 Rb3 50. Kf2 1-0

[Event "NCL978 Bristol-Midland Ms"]
[Site "Rd7"]
[Date "1998.03.21"]
[Round "7.6"]
[White "Kelly, Brian"]
[Black "Collier, David"]
[Result "1-0"]
[WhiteElo "2390"]
[BlackElo "2230"]
[PlyCount "83"]
[EventDate "1998.03.21"]

1. d4 Nf6 2. c4 e6 3. Nc3 Bb4 4. Qc2 c5 5. dxc5 Na6 6. a3 Qa5 7. Bd2 Nxc5 8.
Rd1 Bxc3 9. Bxc3 Qa4 10. Qxa4 Nxa4 11. Be5 b6 12. f3 Ke7 13. Bd6+ Kd8 14. b3
Nc5 15. b4 Nb7 16. Be5 Ke7 17. e4 d6 18. Bb2 e5 19. Ne2 Be6 20. Nc3 a5 21. Nd5+
Bxd5 22. cxd5 axb4 23. axb4 Rhc8 24. Rc1 Rxc1+ 25. Bxc1 Ra1 26. Kd2 Rb1 27. Ba6
Nd8 28. Kc3 Kd7 29. Bd3 Ra1 30. Kb2 Ra8 31. Be3 Kc7 32. Rc1+ Kb7 33. Bb5 Rb8
34. Kb3 Ng8 35. Bc6+ Kc7 36. Ka4 Ne7 37. Be8+ Kb7 38. Bd7 Ka6 39. f4 Rb7 40.
Bb5+ Ka7 41. fxe5 dxe5 42. d6 1-0

[Event "NCL978 Bristol-Midland Ms"]
[Site "Rd7"]
[Date "1998.03.21"]
[Round "7.7"]
[White "Rudd, Jack"]
[Black "Barnes, Michael"]
[Result "1/2-1/2"]
[WhiteElo "2165"]
[BlackElo "2240"]
[PlyCount "81"]
[EventDate "1998.03.21"]

1. d4 Nf6 2. c4 g6 3. Nc3 Bg7 4. e4 d6 5. Be2 O-O 6. Nf3 e5 7. O-O Na6 8. Bg5
h6 9. Bh4 Qe8 10. d5 Nh5 11. Ne1 Nf4 12. Nd3 f5 13. f3 g5 14. Bf2 Qg6 15. Nxf4
exf4 16. Bd3 Nc5 17. exf5 Bxf5 18. Bxf5 Qxf5 19. Nb5 Rf7 20. Nd4 Qd3 21. Rc1 a5
22. b3 Re8 23. Nb5 Re2 24. Bxc5 Rd2 25. Qe1 dxc5 26. Rd1 Rxd1 27. Qxd1 Qg6 28.
Re1 c6 29. Re6 Rf6 30. Rxf6 Qxf6 31. dxc6 bxc6 32. Nd6 Qb2 33. Nf5 Qxa2 34.
Ne7+ Kf7 35. Nxc6 Bd4+ 36. Kh1 a4 37. bxa4 Qxc4 38. h3 Ke6 39. a5 Kd6 40. Nxd4
cxd4 41. a6 1/2-1/2

[Event "NCL978 Guildford-Barbican"]
[Site "Rd7"]
[Date "1998.03.21"]
[Round "7.1"]
[White "Kinsman, Andrew"]
[Black "Davies, Nigel"]
[Result "0-1"]
[WhiteElo "2430"]
[BlackElo "2515"]
[PlyCount "82"]
[EventDate "1998.03.21"]

1. e4 c5 2. Nf3 e6 3. c4 Nc6 4. Nc3 e5 5. Be2 g6 6. O-O Bg7 7. a3 Nge7 8. b4 b6
9. Rb1 O-O 10. d3 d6 11. Ne1 Nd4 12. Nc2 Nxe2+ 13. Qxe2 h6 14. Nd5 Nxd5 15.
cxd5 f5 16. Bd2 f4 17. f3 g5 18. a4 h5 19. Na3 g4 20. Nc4 Rf6 21. bxc5 bxc5 22.
Na5 Rg6 23. Nc6 Qg5 24. Rb2 Kh7 25. Ra1 Bf6 26. Raa2 h4 27. fxg4 Bxg4 28. Rb7+
Rg7 29. Rxg7+ Qxg7 30. Qf1 Rg8 31. Rb2 h3 32. Be1 Bc8 33. Kh1 Bg5 34. g3 Rf8
35. Rf2 Bg4 36. a5 a6 37. Bc3 Qh6 38. gxf4 Bh4 39. Rb2 Rxf4 40. Rb7+ Kg6 41.
Qg1 Kh5 0-1

[Event "NCL978 Guildford-Barbican"]
[Site "Rd7"]
[Date "1998.03.21"]
[Round "7.2"]
[White "Plaskett, James"]
[Black "Povah, Nigel"]
[Result "1-0"]
[WhiteElo "2445"]
[BlackElo "2335"]
[PlyCount "68"]
[EventDate "1998.03.21"]

1. d4 Nf6 2. c4 e6 3. Nf3 c5 4. d5 exd5 5. cxd5 d6 6. Nc3 g6 7. Bg5 Bg7 8. e3
a6 9. a4 Bg4 10. Qb3 Bxf3 11. gxf3 O-O 12. Be2 Nbd7 13. Kf1 Qc7 14. f4 Rfe8 15.
Qc2 b6 16. Rd1 Qb7 17. b3 Rac8 18. h4 b5 19. axb5 axb5 20. Nxb5 Nxd5 21. Rh3
N7b6 22. f5 Qd7 23. h5 c4 24. hxg6 Qxb5 25. gxf7+ Kxf7 26. f6 Nxf6 27. Bxf6
Kxf6 28. Qxh7 Qe5 29. Rg3 Rg8 30. Qh4+ Kf7 31. Bh5+ Ke6 32. Rg5 Qb2 33. Qf4 d5
34. Qf7+ Kd6 1-0

[Event "NCL978 Guildford-Barbican"]
[Site "Rd7"]
[Date "1998.03.21"]
[Round "7.3"]
[White "Kennaugh, Charles"]
[Black "Crouch, Colin"]
[Result "1-0"]
[WhiteElo "2295"]
[BlackElo "2410"]
[PlyCount "57"]
[EventDate "1998.03.21"]

1. e4 c5 2. Nf3 e6 3. b3 Nc6 4. Bb5 Qb6 5. Qe2 a6 6. Bxc6 Qxc6 7. O-O Nf6 8. e5
Nd5 9. c4 Nf4 10. Qe3 g5 11. Nc3 Nxg2 12. Kxg2 g4 13. Ne4 gxf3+ 14. Kh1 b6 15.
d3 Be7 16. Rg1 Bb7 17. Qf4 O-O-O 18. Qxf7 d5 19. exd6 Bxd6 20. Qxe6+ Rd7 21.
Bb2 Rf8 22. Nf6 Rxf6 23. Bxf6 Kb8 24. Be5 Ka7 25. Rae1 Bxe5 26. Qxc6 Bxc6 27.
Rxe5 Rxd3 28. Re7+ Bb7 29. h3 1-0